Регионална библиотека "Любен Каравелов" - Русе

Динозаврите (Запис номер 475244)

MARC детайли
000 -Лидер
Контролно поле с фиксирана дължина 01216nam a2200337 a 4500
003 - Код на организацията, давaща контролен номер
Контролно поле BLK
005 - Дата и час на последна редакция
Контролно поле 20250704174901.0
008 - Елементи от данни с фиксирана дължина
fixed length control field 180411b bul|||||r ||||||| ||bul||
020 ## - Международен стандартен номер на книга ISBN
Международен стандартен номер на книга ISBN 9786192403683
040 ## - Източник на каталожния запис
Идентификатор на билиотеката - собственик на записа BLK
041 ## - Код за език
Код за езика на текст/звукозапис или на отделно заглавие Български
Код за езика КДБФ Български
080 ## - УДК
Текстов определител УДК Динозаври
УДК код - определител по УДК 568.1
УДК - код + определител 568.1
100 1# - Редна дума - Автор
Автор Бомон, Емили
Авторска отговорност първи автор
R(LIN) 41173
139 ## - Редно поле
Редна дума Бомон, Емили
Авторски знак Бол - Б 61
245 10 - Сведения за заглавието
Заглавие Динозаврите
Редно поле (дума) Емили Бомон ; ил. Корали Валажеа ; прев. Борис Христов.
260 ## - Област на издателските данни
Място на издаване, разпространение и проч. София
Име на издателя, разпространителя и проч. ПАН
Година на издаване 2021
300 ## - Физическа характеристика
Страници 20 с.
Илюстрации и др. с цв. ил.
Размери/Мащаб 23 см
380 ## - Жанр
Жанр Детска отраслова лит.
490 ## - СЕРИИ (Колекции)
9 (RLIN) 205918
Име на серия Енциклопедия за най-малките
653 #7 - Ключова дума – ненормативна
9 (RLIN) 194351
Ключова дума праисторически животни
653 #7 - Ключова дума – ненормативна
9 (RLIN) 185229
Ключова дума динозаври
653 #0 - Ключова дума – ненормативна
9 (RLIN) 471119
Ключова дума детски книги
700 ## - Други автори (авторска отговорност)
Лично име Валажеа, Корали
Автороска отговорност (Описва отношението между автора и произведението) ил.
9 (RLIN) 481500
700 ## - Други автори (авторска отговорност)
Лично име Христов, Борис
Автороска отговорност (Описва отношението между автора и произведението) прев.
9 (RLIN) 266250
852 ## - Местоположение
Фондова буква Детски отдел
Систематично-азбучна сигнатура 5/Б 61 Е
852 ## - Местоположение
Фондова буква Хранилище
Форматна сигнатура Цб 317328
856 ## - Електронен адрес и достъп
Инструкция (цена за достъп) 0.00
Права за достъп disable
999 ## - СИСТЕМНИ КОНТРОЛНИ НОМЕРА
Koha biblionumber 475244
Koha biblioitemnumber 475244
942 ## - АРТИКУЛИ
Вид на библиотечния материал Книги
Скрит в OPAC Не
Периодичен библиозапис Да
Koha issues (borrowed), all copies 29
944 ## - СЪЗДАВАНЕ И РЕДАКЦИЯ на ЗАПИСА
Създаване/Редакция Създаване
Дата на регистрацията/редакция 2022-10-06
Служител, извършил регистрацията/редакцията 30537
Статус, дата на статуса Грета Цуфелде
999 ## - СИСТЕМНИ КОНТРОЛНИ НОМЕРА
Koha biblioitemnumber 475244
Наличности
Код за отписване Код за изгубен артикул Източник на класификационната схема Код за повреда Коз за рестрикции Код за отдаване Артикулен № Име на библиотеката - собственик Име на библиотеката, в която се намира в момента Статус (Текущо местоположение) Дата на вписване в системата Местоположение - отдел Цена в лева Систематично азбучна сигнатура Баркод Цена в евро Служебен тип на артикула Инвентарен номер
  Не е изгубен Universal Decimal Classification Не е повреден без рестрикции заемане за дома 906954 Регионална библиотека "Любен Каравелов" Русе Регионална библиотека "Любен Каравелов" Русе Детски отдел 2022-10-07 Детски отдел 3.67 5/Б 61 Е 120000878179 1.88 Книги  
  Не е изгубен Universal Decimal Classification Не е повреден без рестрикции заемане за дома 906955 Регионална библиотека "Любен Каравелов" Русе Регионална библиотека "Любен Каравелов" Русе Детски отдел 2022-10-07 Детски отдел 3.67 5/Б 61 Е 120000878178 1.88 Книги  
  Не е изгубен Universal Decimal Classification Не е повреден без рестрикции заемане за дома 906956 Регионална библиотека "Любен Каравелов" Русе Регионална библиотека "Любен Каравелов" Русе Детски отдел 2022-10-07 Детски отдел 3.67 5/Б 61 Е 120000878177 1.88 Книги  
  Не е изгубен Universal Decimal Classification Не е повреден само за читалня ползва се в читалня 927680 Регионална библиотека "Любен Каравелов" Русе Регионална библиотека "Любен Каравелов" Русе Хранилище 2023-05-03 Хранилище 4.90 Цб 317328 120000886879 2.51 Книги 120000886879
Vip Innovations Ltd, Rousse, Bulgaria 2025